Bezpečnostná politika EÚ v kontexte migračnej krízy diplomová práca

Saved in:
Bibliographic Details
Main Author: Batyás, Andrej
Corporate Author: Fakulta medzinárodných vzťahov EU. Katedra medzinárodných ekonomických vzťahov a hospodárskej diplomacie
Other Authors: Kurucz, Milan, 1954-
Format: Book
Language:Slovak
Published: Bratislava 2018
Tags: Add Tag
No Tags, Be the first to tag this record!

MARC

LEADER 00000nbm a2200000 4500
001 0244443
005 20180808081135.1
041 0 |a slo 
044 |a SK 
245 1 0 |a Bezpečnostná politika EÚ v kontexte migračnej krízy  |b diplomová práca  |c Andrej Batyás ; školiteľ: Milan Kurucz 
264 1 |a Bratislava  |c 2018 
300 |a 109 s. 
100 1 |a Batyás, Andrej 
700 1 |a Kurucz, Milan, 1954- 
710 2 |a Fakulta medzinárodných vzťahov EU. Katedra medzinárodných ekonomických vzťahov a hospodárskej diplomacie